000 00790nam a2200205 i 4500
001 158355
003 ES-MaACL
005 20230906211117.0
008 990723m18699999fr |||| | fre d
040 _aCCPB | B
_bspa
_cCCPB | B
100 0 _aMacaulay, Thomas Babington Macaulay
_cBaron.
_975067
245 1 0 _aEssais historiques et biographiques.
_nDeuxième série,
_pLord Chatham, William Pitt, son fil, Frédéric le Grand, Mirabeau, Barère /
_cpar Lord Macaulay ; traduits par M. Guillaume Guizot.
250 _aDeuxième éd.
260 _aParis :
_bMichel Levy Frères,
_c1869.
300 _a[4], 552 p.. ;
_c22 cm.
596 _aMarca del ed. en port.
597 _aAntep.
700 1 _aGuizot, Guillaume (
_d1833-1892)
_9149492
852 _aES-MaACL
_jG-1616
_z-- Enc. hol.
999 _c158355
_d158355